<?xml version="1.0" encoding="UTF-8"?>
<marc:record xmlns:marc="http://www.loc.gov/MARC21/slim">
   <marc:leader>00000nam a2200000 a 4500</marc:leader>
   <marc:datafield ind1="1" ind2=" " tag="100">
      <marc:subfield code="a">Wintgen, Siegfried</marc:subfield>
      <marc:subfield code="4">aut</marc:subfield>
      <marc:subfield code="e">Verfasser/-in</marc:subfield>
   </marc:datafield>
   <marc:datafield ind1="1" ind2=" " tag="100">
      <marc:subfield code="a">Barci, Peter</marc:subfield>
      <marc:subfield code="4">ill</marc:subfield>
      <marc:subfield code="e">Illustrator/-in</marc:subfield>
   </marc:datafield>
   <marc:datafield ind1=" " ind2=" " tag="653">
      <marc:subfield code="a">Gesunde Ernährung</marc:subfield>
   </marc:datafield>
   <marc:datafield ind1=" " ind2=" " tag="653">
      <marc:subfield code="a">Softcover / Ratgeber/Essen</marc:subfield>
   </marc:datafield>
   <marc:datafield ind1=" " ind2=" " tag="653">
      <marc:subfield code="a">Trinken/Gesunde Küche</marc:subfield>
   </marc:datafield>
   <marc:datafield ind1=" " ind2=" " tag="653">
      <marc:subfield code="a">Schlanke Küche</marc:subfield>
   </marc:datafield>
   <marc:datafield ind1=" " ind2=" " tag="653">
      <marc:subfield code="a">Kochbuch</marc:subfield>
   </marc:datafield>
   <marc:datafield ind1="0" ind2="0" tag="245">
      <marc:subfield code="a">Die moderne Kneipp-Küche</marc:subfield>
   </marc:datafield>
   <marc:datafield ind1="0" ind2="0" tag="245">
      <marc:subfield code="b">100 Jahreszeiten-Rezepte mit dem Gesundheits-Plus</marc:subfield>
   </marc:datafield>
   <marc:datafield ind1="0" ind2="0" tag="245">
      <marc:subfield code="c">Siegfried Wintgen. Kneipp-Kurbetriebe der Marienschwestern (Hg.). Mit Rezeptfotos von Peter Barci</marc:subfield>
   </marc:datafield>
   <marc:datafield ind1=" " ind2="1" tag="264">
      <marc:subfield code="a">Wien</marc:subfield>
      <marc:subfield code="b">Kneipp-Verl.</marc:subfield>
      <marc:subfield code="c">2010</marc:subfield>
   </marc:datafield>
   <marc:datafield ind1=" " ind2=" " tag="250">
      <marc:subfield code="a">1. Aufl.</marc:subfield>
   </marc:datafield>
   <marc:datafield ind1="1" ind2=" " tag="520">
      <marc:subfield code="a">Angaben aus der Verlagsmeldung

Die moderne Kneipp-Küche : 100 Jahreszeiten-Rezepte mit dem Gesundheits-Plus / von Siegfried Wintgen

Gesund soll unsere Ernährung sein, zubereitet aus frischen, regionalen und der Jahreszeit entsprechenden Zutaten. Was heutzutage voll im Trend liegt, predigte Sebastian Kneipp bereits vor über 100 Jahren. Die lebendige Umsetzung der Kneippschen (Ernährungs)Lehre wird in den Kurhäusern der Marienschwestern vom Karmel mit dem nötigen Zeitgeist umgesetzt. Siegfried Wintgen hat mit den Küchenchefs der Kurhäuser die absoluten Highlights der Kneipp-Küche modern und leicht nachkochbar aufbereitet. Vom Frühstück über die gesunde Jause bis zum Mittag- und Abendessen wird eine breite Palette hervorragender und
gesunder Rezeptideen farbenfroh gezeigt.
</marc:subfield>
   </marc:datafield>
   <marc:datafield ind1=" " ind2=" " tag="020">
      <marc:subfield code="a">9783708804828</marc:subfield>
      <marc:subfield code="9">9783708804828</marc:subfield>
   </marc:datafield>
   <marc:datafield ind1=" " ind2=" " tag="041">
      <marc:subfield code="a">ger</marc:subfield>
   </marc:datafield>
   <marc:datafield ind1=" " ind2=" " tag="300">
      <marc:subfield code="a">173 S.</marc:subfield>
   </marc:datafield>
</marc:record>
